UEFA Euro 2024 Players - Statistics

General Stats
  • This quiz has been taken 530 times
  • The average score is 20 of 24
Answer Stats
Picture Hint Answer % Correct
Group B - Croatia Luka Modric
98%
Group A - Germany Jamal Musiala
97%
Group D - France Kylian Mbappé
96%
Group C - England Harry Kane
95%
Group F - Portugal Cristiano Ronaldo
94%
Group E - Belgium Kevin De Bruyne
94%
Group D - Poland Robert Lewandowski
94%
Group D - Netherlands Virgil van Dijk
94%
Group B - Spain Pedri
92%
Group A - Switzerland Granit Xhaka
90%
Group A - Scotland Andrew Robertson
89%
Group C - Denmark Christian Eriksen
89%
Group A - Hungary Dominik Szoboszlai
85%
Group C - Slovenia Jan Oblak
85%
Group D - Austria Marcel Sabitzer
83%
Group E - Ukraine Mykhaylo Mudryk
80%
Group B - Italy Nicolo Barella
80%
Group F - Georgia Khvicha Kvaratskhelia
79%
Group F - Turkey Hakan Çalhanoğlu
72%
Group C - Serbia Sergej Milinković-Savić
70%
Group E - Slovakia Milan Škriniar
62%
Group F - Czech Republic Tomáš Souček
58%
Group E - Romania Ianis Hagi
47%
Group B - Albania Armando Broja
42%
No matching quizzes found
Score Distribution
Percent of People with Each Score
Percentile by Number Answered
Your Score History
You have not taken this quiz